| 000 | 00594cam a2200205 a 4500 | ||
|---|---|---|---|
| 001 | 11818332 | ||
| 005 | 20250226175339.0 | ||
| 008 | 991025s2000 njua b 001 0 eng | ||
| 020 | _a0321049314 | ||
| 050 | 0 | 0 |
_aBF121 _b.W27 2000 |
| 082 | 0 |
_a150 _221 |
|
| 100 | 1 |
_aWade, Carole _c(Professor of psychology) |
|
| 245 | 1 | 0 |
_aPsychology / _cCarole Wade, Carol Tavris. |
| 250 | _a6th ed. | ||
| 260 |
_aUpper Saddle River, NJ : _bPrentice Hall, _cc2000. |
||
| 300 |
_axxxii, 654, [96] p. : _bill. (some col.) ; _c28 cm. |
||
| 650 | 0 | _aPsychology. | |
| 700 | 1 | _aTavris, Carol. | |
| 942 |
_2lcc _cBK _n0 |
||
| 999 |
_c4385 _d4385 |
||